LEADER 01025nam--2200361---450- 001 990002870720203316 005 20070220095425.0 010 $a88-04-56194-7 035 $a000287072 035 $aUSA01000287072 035 $a(ALEPH)000287072USA01 035 $a000287072 100 $a20070220d2006----km-y0itay50------ba 101 0 $aita 102 $aIT 105 $ay|||||||001yy 200 1 $a<> tv del sommerso$eviaggio nell'Italia delle tv locali$fAldo Grasso 210 $aMilano$cMondadori$d2006 215 $a189 p.$d20 cm 225 2 $aOscar saggi$v819 410 0$12001$aOscar saggi$v819 606 0 $aTelevisioni private$yItalia 606 0 $aTrasmissioni televisive$yItalia 676 $a384.5506545 700 1$aGRASSO,$bAldo$040244 801 0$aIT$bsalbc$gISBD 912 $a990002870720203316 951 $aIV.1. 1003$b194799 L.M.$cIV.1.$d00120826 959 $aBK 969 $aUMA 979 $aANNAMARIA$b90$c20070220$lUSA01$h0954 996 $aTV del sommerso$9229123 997 $aUNISA LEADER 01138nam 2200325Ia 450 001 996389666003316 005 20200824132658.0 035 $a(CKB)4940000000095632 035 $a(EEBO)2264205603 035 $a(OCoLC)ocm8118821e 035 $a(OCoLC)8118821 035 $a(EXLCZ)994940000000095632 100 $a19820201d1664 uy | 101 0 $aeng 135 $aurbn||||a|bb| 200 10$aTherapeutica sacra$b[electronic resource] $eshewing briefly the method of healing the diseases of the conscience, concerning regeneration /$fwritten first in Latine by David Dickson ; and thereafter translated by him 210 $aEdinburgh $cPrinted by Evan Tyler, Printer to the King's most excellent Majesty$d1664 215 $a[2], 532, [9] p 300 $aReproduction of original in the Bodleian Library. 330 $aeebo-0014 606 $aRegeneration (Theology) 615 0$aRegeneration (Theology) 700 $aDickson$b David$f1583?-1663.$01001956 801 0$bEEU 801 1$bEEU 801 2$bWaOLN 906 $aBOOK 912 $a996389666003316 996 $aTherapeutica sacra$92299672 997 $aUNISA